00695 2200229 4500001002100000005001700021008004100038020001800079035002400097082001600121090002200137100001900159245009900178260002900277300003100306500003100337650003300368700003100401850001200432985000600444999001500450YOGYA-0209000004726320090227031533.0 ind  a979-428-110-7 0010-020900000047263 a745.0959811 a745.095811bLei T aLEIGH, Barbara aTangan-tangan trampilbSeni Kerajinan AcehcBarbara Leigh;penerjemah Latifa Thajib Tirtosudiro aJakartabDjambatanc1989 axviii,181 hlmbilusc24 cm aBibliografi : hlm. 174-180 aSeni Kerajinan tangan - Aceh aTIRTOSUDIRO, Latifa Thajib aYOPDYOG a1 a98B0028404